IFM Opac

Economic forms in Pre-colonial Ghana (Record no. 13307)

MARC details
000 -LEADER
fixed length control field 00322nam a22001337a 4500
020 ## - INTERNATIONAL STANDARD BOOK NUMBER
International Standard Book Number xxxxxxxxxx
082 ## - DEWEY DECIMAL CLASSIFICATION NUMBER
Classification number REF 330.966701 HYM
100 ## - MAIN ENTRY--PERSONAL NAME
Personal name Hymer, Stephen H.
245 ## - TITLE STATEMENT
Title Economic forms in Pre-colonial Ghana
260 ## - PUBLICATION, DISTRIBUTION, ETC.
Place of publication, distribution, etc. New Haven
Name of publisher, distributor, etc. Yale university
Date of publication, distribution, etc. 1970
300 ## - PHYSICAL DESCRIPTION
Extent 50
500 ## - GENERAL NOTE
General note Includes index
942 ## - ADDED ENTRY ELEMENTS (KOHA)
Koha item type Books
Holdings
Withdrawn status Lost status Damaged status Not for loan Collection code Home library Current library Shelving location Date acquired Total Checkouts Full call number Barcode Date last seen Price effective from Koha item type
        Reference IFM Main Campus Library IFM Main Campus Library Archival Collection 10/31/2015   REF 330.966701 HYM 0000015637 10/31/2015 02/19/2022 Reference